Cruces, cuerpos y comida en la representación del espacio ritual Maya /

Estudia la simbología de la cruz en el mundo maya, desde las manifestaciones plásticas de la época prehispánicas, hasta la significación sincrética moderna. Se trata de estudiar los múltiples significados de la cruz maya, los valores heredados del pasado prehispánico y las concepciones sincréticas m...

Fuld beskrivelse

Guardado en:
Bibliografiske detaljer
Hovedforfatter: Craveri, Michela
Format: Ukendt
Sprog:Spanish
Fag:
Tags: Tilføj Tag
Ingen Tags, Vær først til at tagge denne postø!

MARC

LEADER 00000 a2200000 4500
008 160426s2015 it ao| | |||| 00| 0 spa d
022 |a 20351496 
041 |a spa 
100 1 |a Craveri, Michela 
245 1 0 |a Cruces, cuerpos y comida en la representación del espacio ritual Maya /  |c Michela Craveri 
300 |a 5-27 páginas :  |b ilustraciones 
520 |a Estudia la simbología de la cruz en el mundo maya, desde las manifestaciones plásticas de la época prehispánicas, hasta la significación sincrética moderna. Se trata de estudiar los múltiples significados de la cruz maya, los valores heredados del pasado prehispánico y las concepciones sincréticas modernas. 
650 1 4 |a MAYAS 
650 1 4 |a RITOS Y CEREMONIAS 
773 0 |w a5348488  |x 2035-1496  |d Roma: Bulzoni, 1990-  |t Centroamericana  |g Volumen 25, número 1 (2015)  |q 5-27 páginas 
942 |2 ddc  |c ARC 
999 |c 4617  |d 4617